Fruit of the poppy / (Запис № 499434)

МАРК-запис
000 -LEADER
fixed length control field 01174cam a2200277Mu 4500
001 - CONTROL NUMBER
control field fruitofpoppy00wild
003 - CONTROL NUMBER IDENTIFIER
control field CaSfIA
005 - DATE AND TIME OF LATEST TRANSACTION
control field 20210118084912.0
007 - PHYSICAL DESCRIPTION FIXED FIELD--GENERAL INFORMATION
fixed length control field cr||||
008 - FIXED-LENGTH DATA ELEMENTS--GENERAL INFORMATION
fixed length control field 940426s1965 enk 001 0 eng d
040 ## - CATALOGING SOURCE
Original cataloging agency SZT
Transcribing agency SZT
Modifying agency OCLCG
-- CaSfIA
035 ## - SYSTEM CONTROL NUMBER
System control number (OCoLC)123755098
029 1# - (OCLC)
OCLC library identifier UNITY
System control number 080662269
029 1# - (OCLC)
OCLC library identifier UKWLT
System control number 160417
029 1# - (OCLC)
OCLC library identifier UNITY
System control number 091729041
029 1# - (OCLC)
OCLC library identifier UKYLI
System control number CX0224638X
100 1# - MAIN ENTRY--PERSONAL NAME
Personal name Wilder, Robert,
Dates associated with a name 1901-1974.
245 10 - TITLE STATEMENT
Title Fruit of the poppy /
Medium [electronic resource]
Statement of responsibility, etc Robert Wilder.
260 ## - PUBLICATION, DISTRIBUTION, ETC. (IMPRINT)
Place of publication, distribution, etc London :
Name of publisher, distributor, etc Companion Book Club,
Date of publication, distribution, etc c1965.
300 ## - PHYSICAL DESCRIPTION
Extent 256 p.
506 ## - RESTRICTIONS ON ACCESS NOTE
Standardized terminology for access restriction Необхідна авторизація на https://archive.org/ (створення облікового запису безкоштовно)
506 ## - RESTRICTIONS ON ACCESS NOTE
Standardized terminology for access restriction Необхідна авторизація на https://openlibrary.org/ (створення облікового запису безкоштовно)
856 41 - ELECTRONIC LOCATION AND ACCESS
Uniform Resource Identifier <a href="http://www.archive.org/details/fruitofpoppy00wild">http://www.archive.org/details/fruitofpoppy00wild</a>
Public note Free eBook from the Internet Archive
856 42 - ELECTRONIC LOCATION AND ACCESS
Uniform Resource Identifier <a href="http://www.openlibrary.org/books/OL24369471M">http://www.openlibrary.org/books/OL24369471M</a>
Public note Additional information and access via Open Library
942 ## - ADDED ENTRY ELEMENTS (KOHA)
Koha item type ЕКнига

Немає доступних примірників.